<?xml version="1.0" encoding="UTF-8"?>
<collection xmlns="http://www.loc.gov/MARC21/slim">
 <record>
  <leader>00790pamaa2200241   4500</leader>
  <controlfield tag="001">0000053049</controlfield>
  <controlfield tag="005">20140925090000.0</controlfield>
  <controlfield tag="008">140926s2013                        eng  </controlfield>
  <datafield tag="020" ind1="0" ind2="0">
   <subfield code="a">9780736079600 (pbk.) </subfield>
  </datafield>
  <datafield tag="090" ind1="0" ind2="0">
   <subfield code="a">RA781 </subfield>
   <subfield code="b">CHU 2013</subfield>
  </datafield>
  <datafield tag="100" ind1="1" ind2="0">
   <subfield code="a">Chu </subfield>
  </datafield>
  <datafield tag="245" ind1="1" ind2="0">
   <subfield code="a">Plyometric  </subfield>
   <subfield code="c">Donald A. Chu and Gregory D. Myer.</subfield>
  </datafield>
  <datafield tag="260" ind1="0" ind2="0">
   <subfield code="a">Champaign, IL.: </subfield>
   <subfield code="b">Human Kenetics, </subfield>
   <subfield code="c">2013.</subfield>
  </datafield>
  <datafield tag="300" ind1=" " ind2=" ">
   <subfield code="a">vi, 242 p.: </subfield>
   <subfield code="b">ill.; </subfield>
   <subfield code="c">28 cm.</subfield>
  </datafield>
  <datafield tag="501" ind1="0" ind2="0">
   <subfield code="a">FHS</subfield>
  </datafield>
  <datafield tag="504" ind1="0" ind2="0">
   <subfield code="a">Includes bibliographical references and index</subfield>
  </datafield>
  <datafield tag="650" ind1="0" ind2="0">
   <subfield code="a">Exercise </subfield>
  </datafield>
  <datafield tag="650" ind1="0" ind2="0">
   <subfield code="a">Medicine balls </subfield>
  </datafield>
  <datafield tag="650" ind1="0" ind2="0">
   <subfield code="a">Physical Fitness -- </subfield>
   <subfield code="x">Problems and Exercises </subfield>
  </datafield>
  <datafield tag="650" ind1="0" ind2="0">
   <subfield code="a">Exercise -- </subfield>
   <subfield code="x">Problems and Exercises </subfield>
  </datafield>
  <datafield tag="650" ind1="0" ind2="0">
   <subfield code="a">Exercise Therapy -- </subfield>
   <subfield code="x">Problems and Exercises </subfield>
  </datafield>
  <datafield tag="700" ind1="1" ind2="1">
   <subfield code="a">Myer, </subfield>
   <subfield code="h">Gregory D. </subfield>
  </datafield>
  <datafield tag="901" ind1=" " ind2=" ">
   <subfield code="u">http://www.humanKenetics.com</subfield>
  </datafield>
 </record>
</collection>
